000 00307nam a22001457a 4500
008 230208b ||||| |||| 00| 0 eng d
020 _a9780534419394
041 _aeng
080 _a51
082 _a51CLK
100 _a20
101 _aMATEM
245 _aBEGINNING ALGEBRA
_cCLARK.M
942 _2udc
_cBK
999 _c59336
_d59336